000 00939nam a2200277 4500
001 0000019086
003 CO-CtgCURN
005 20250329174159.0
007 ta
008 160627s2000 000 0 eng d
020 _a9584101552
040 _aCO-CtgCURN
_bspa
_ccoctgcurn
082 0 _a004.62
_bT49t
100 1 _aTiznado Santana, Marco Antonio.
245 1 0 _aStarOffice writer 5.2 :
_ba toda maquina /
_cMarco Antonio Tiznado Santana.
260 _aBogotá :
_bMcGraw-Hill,
_c2000.
300 _ax, 118 p.
336 _2rdacontent
337 _2rdamedia
_asin mediacion
_bn
338 _2rdacarrier
_avolumen
_bnc
505 8 _aEdicion de documentos.--Asignar formatos al texto.--Aplicar formatos al documento.--Generacion de documentos
650 1 4 _aStarwriter (Programa para computador)
908 _a160627
942 _cBK
_h004.62
_iT49t
_2ddc
999 _c8850
_d8850